| 000 | 00867nam a2200229Ii 4500 | ||
|---|---|---|---|
| 003 | JO-AjNU | ||
| 008 | 230605s9999||||xx |||||||||||||| ||und|| | ||
| 017 | _a2016/10/4903 | ||
| 020 | _a978-9957-634-10-0 | ||
| 040 |
_aJO-AjNU _bara _erda _cJO-AjNU |
||
| 041 | _aara | ||
| 050 | 1 | 4 | _aSB931.M3464.2017 |
| 100 | 3 |
_aالملاح، نزار مصطفى, _eauthor _964359 |
|
| 245 | 0 | 0 | _aإدارة الآفة الحشرية: المفهوم والاسس والادوات والتطبيق |
| 250 | _aالطبعة الاولى | ||
| 264 | 3 | 1 | _aعمان، بغداد: دار الوضاح للنشر، مكتبة دجلة، 2017 |
| 300 |
_a723ص _bيحتوي على قائمة مصادر من ص 722-723 |
||
| 336 |
_atext _btxt _2rdacontent |
||
| 337 |
_aunmediated _bn _2rdamedia |
||
| 338 |
_avolume _bnc _2rdacarrier |
||
| 650 | 4 |
_aالآفات الحشرية _964360 |
|
| 999 |
_aA29243 _c32811 _d32811 |
||